Συγχωνεύσεις και Εξαγορές./Περιπτώσεις Ελληνικού Τραπεζικού Συστήματος. (Record no. 8570)
[ view plain ]
| 000 -LEADER | |
|---|---|
| fixed length control field | 02256cam a22001934a 4500 |
| 005 - ΗΜΕΡΟΜΗΝΙΑ ΚΑΙ ΩΡΑ ΤΕΛΕΥΤΑΙΑΣ ΕΝΗΜΕΡΩΣΗΣ | |
| Πεδίο ελέγχου | 20250605164340.0 |
| 008 - FIXED-LENGTH DATA ELEMENTS--GENERAL INFORMATION | |
| Πεδίο ελέγχου σταθερού μήκους | 250528s ||||||||||||||||||||||||d |
| 035 ## - SYSTEM CONTROL NUMBER | |
| System control number | 23569 |
| 040 ## - ΠΗΓΗ ΚΑΤΑΛΟΓΟΓΡΑΦΗΣΗΣ | |
| Φορέας πρωτότυπης καταλογογράφησης | MC Athens Campus Library |
| Γλώσσα καταλογογράφησης | Ελληνικά, Μοντέρνα (1453-) |
| Modifying agency | MC Athens Campus Library |
| Κανόνες περιγραφικής καταλογογράφησης | AACR2 |
| 245 1# - ΤΙΤΛΟΣ ΚΑΙ ΔΗΛΩΣΗ ΥΠΕΥΘΥΝΟΤΗΤΑΣ | |
| Τίτλος | Συγχωνεύσεις και Εξαγορές./Περιπτώσεις Ελληνικού Τραπεζικού Συστήματος. |
| 260 ## - PUBLICATION, DISTRIBUTION, ETC. | |
| Date of publication, distribution, etc. | 2011 |
| 300 ## - PHYSICAL DESCRIPTION | |
| Extent | 54 |
| 520 ## - SUMMARY, ETC. | |
| Summary, etc. | Εισαγωγή, Συγχώσευση Εξαγορά, Ιστορικό Συγχωνεύσεων και Εξαγορών σε Διεθνές και Εγχώριο Επίπεδο, Λόγοι Στρατηγικής Διαφοροποίσης μέσω Συγχωνεύσεων και Εξαγορών, Πλεονεκτήματα - Μειονεκτήματα Συγχωνεύσεων και Εξαγορών, Νομοθετικό Πλαίσιο- Αντίστοιχες Νομοθετικές Διατάξεις, Ελεγκτικοί Μηχανισμοί Συγχωνεύσεων και Εξαγορών, Ευραπαική Νομοθεσία, Πεδίο Εφαρμογών Διατάξεων - Φοροελαφρύνσεις, Διαχωρισμός Τύπων Μελετών, Μελέτες Περίπτωσεων, Ευρεία Εξέταση Επιχειρήσεων, Μεθολογίες Μελετών, Μελέτες Λογιστικής, Μελέτες Ανάλυσης Επιχειρηματικών Γεγονότων, Μελέτες με Βάση Δηλώσεις Επιχειρηματικών Στελεχών, Θεωρητικά Χαρακτηριστικά Επιτυχημένεις Συγχωνεύσης και Εξαγοράς, Ιστορική Αναδρομή των Ελληνικων Συγχωνεύσεων και Εξαγορών, Τράπεζα Πειραιώς, Ταχυδρομικό Ταμιευτήριο, Αγροτική Τράπεζα Ελλάδος, Εθνική Τράπεζα, Marfin Bank, Εμπορική Τράπεζα, EuroBank, Alpha Bank, Εμπορική Τράπεζα, Συμπεράσματα, Βιβλιογραφία. |
| 700 1# - ΠΡΟΣΘΕΤΗ ΑΝΑΓΡΑΦΗ--ΦΥΣΙΚΟ ΠΡΟΣΩΠΟ | |
| Personal name | Γωγός Στυλιανός |
| 9 (RLIN) | 9154 |
| 700 1# - ΠΡΟΣΘΕΤΗ ΑΝΑΓΡΑΦΗ--ΦΥΣΙΚΟ ΠΡΟΣΩΠΟ | |
| Personal name | Κανέλλα Δημ. Κουβελάκη |
| 9 (RLIN) | 9155 |
| 942 ## - ADDED ENTRY ELEMENTS (KOHA) | |
| Koha item type | Διπλωματική εργασία |
| Τύπος τεκμηρίου | Βιβλιοθήκη | Τρέχουσα τοποθεσία | Barcode | Ημερομηνία απόκτησης | Ταξιθετικό σύμβολο | Αριθμός αντιτύπου | Κατάσταση απόσυρσης | Κατάσταση χαμένου | Κατάσταση κατεστραμμένου | Μη δανεισμός | Σύνολο δανεισμών | Ημερομηνία τελευταίας εμφάνισης | Η τιμή ισχύει από |
|---|---|---|---|---|---|---|---|---|---|---|---|---|---|
| Διπλωματική εργασία | MC Athens Campus Library | MC Athens Campus Library | 9780000085696 | 05/06/2025 | BUS 2011 (12) | 1 | 05/06/2025 | 05/06/2025 |